United States Population Quest Quiz Stats

Quiz Updated Aug 22, 2017

Challenge
Share
Tweet
Score 0/26 Timer 07:00
122 Plays Today
% Correct
???
100%
???
96.1%
???
92.2%
???
88.2%
???
84.9%
???
80.3%
???
72.4%
???
57.7%
???
57.1%
???
51.5%
???
40.4%
???
32.8%
???
32.4%
% Correct
???
32.2%
???
32.1%
???
31.6%
???
31.6%
???
26%
???
24%
???
20.9%
???
20.6%
???
17.3%
???
16.7%
???
16.5%
???
9.8%
???
8.3%

You're not logged in!

Compare scores with friends on all Sporcle quizzes.
Join for Free
OR
Log In

You Might Also Like...

Show Comments

Extras

Top Quizzes Today


Score Distribution

Your Account Isn't Verified!

In order to create a playlist on Sporcle, you need to verify the email address you used during registration. Go to your Sporcle Settings to finish the process.

Report this User

Report this user for behavior that violates our Community Guidelines.

Details: